|
|
|
|
| LEADER |
00719nam a2200241Ia 4500 |
| 008 |
240830s9999 xx 000 0 und d |
| 040 |
|
|
|a BIBLIOTECA-RUPAP T.MON 620.193 M733
|
| 041 |
|
|
|a spa
|
| 082 |
|
|
|a T.MON 620.193 M733
|
| 100 |
1 |
|
|a Moncada Balmaceda, María V
|
| 100 |
1 |
|
|b FUERZA DE ARRASTRE
|
| 245 |
1 |
2 |
|a A Drag flow Sensor in silicón
|
| 260 |
|
|
|a Managua
|b UNI
|c 1995
|
| 300 |
|
|
|a 62 p. :il.
|
| 500 |
|
|
|a Contiene: referencias y anexos.
|
| 502 |
|
|
|a Tesis (Máster en Medición de Sistemas Industriales)- UNI, 1995.
|
| 650 |
7 |
|
|a SILICIO-SENSOR DE FLUJO
|
| 650 |
7 |
|
|b MINIATURIZACION
|
| 650 |
7 |
|
|c MEDICION DE FLUJO
|
| 700 |
1 |
|
|a Tutor:
|b Stemm, Goran
|
| 942 |
|
|
|c BK
|2 ddc
|
| 991 |
|
|
|a TESIS
|
| 999 |
|
|
|c 18130
|